000 00713nam a2200253Ia 4500
003 OSt
005 20220918182205.0
006 a|||||r|||| 00| 0
007 ta
008 220917b |||||||| |||| 00| 0 eng d
024 _a31,149
037 _cTextual
040 _aARTS
_cARTS
_beng
041 _2eng
_aeng
082 _aO111,1:gM3, L1
100 _aArbams M H
_959854
245 0 _aNatural supernaturalism
_b tradition and revolution in romantic literature M H Arbams
260 _aNew York
_bNorton
_c1971
300 _a550p.
_ccm.
500 _aAppendic 463-480p
650 _aENGLISH LITERATURE
942 _hO111,1:gM3, L1
_cTEXL
_2CC
999 _c168124
_d168124